• 首页
  • 本馆介绍
  • 公告通知
  • 最新文献
  • 馆藏检索
  • 电子资源
  • 读者导购
  • 参考咨询
  • 我的图书馆
  • 登录
  • 详细信息显示
  • 放入我的书架
  • 预约/预借图书
  • 作者相关作品
  • 分类相关作品
  • 丛书相关作品
  • 出版社相关作品

书目信息

  • 表格格式
  • 工作单格式
  • 卡片格式
题名:
从凡尔赛和约到慕尼黑协定
    
 
作者: 胡思升
分册:  
出版信息:   人民  1973.12
页数: 49页
开本:
丛书名:
单 册:
中图分类: D1
科图分类:
主题词: 国际共产主义运动
电子资源:
ISBN:
000 00512nam0 2200193 45
001 0308271007
005 20030827105651.1
010    @dRMB0.12
100    @a20030827d1973 km y0chiy0120 ea
101    @achi
105    @a z 000yy
200 1  @a从凡尔赛和约到慕尼黑协定@Acong fan er sai he yue dao mu ni hei xie ding@f胡思升@Fhu si sheng
210    @c人民@d1973.12
215    @a49页@c无图表
606 0  @a国际共产主义运动
690    @aD1@v3
701  0 @a胡思升
801    @aCN@b@c20030827
905    @aBZT@dD1@e29
    
    从凡尔赛和约到慕尼黑协定/胡思升.-人民,1973.12
    49页:无图表
    
    
    ISBN :RMB0.12
    
●
相关链接 在五车中查询图书 在当当中查询图书 在豆瓣中查询图书


正题名:从凡尔赛和约到慕尼黑协定     索取号:D1/29         预约/预借

序号 登录号 条形码 馆藏地/架位号 状态 备注
山东省滨州职业学院图书馆 欢迎您!
大连网信软件有限公司© 版权所有